[Event "Andorra op 35th"]
[Site "Escaldes"]
[Date "2017.07.22"]
[Round "1"]
[White "Pena Gomez, Manuel"]
[Black "Gallego Terris, Rafael"]
[Result "1-0"]
[WhiteElo "2468"]
[BlackElo "1924"]
[PlyCount "49"]
[EventDate "2017.07.22"]
[EventType "swiss"]
[EventRounds "9"]
[EventCountry "AND"]
[SourceTitle "CBM 179 Extra"]
[Source "ChessBase"]
[SourceDate "2017.08.23"]
[SourceVersion "1"]
[SourceVersionDate "2017.08.23"]
[SourceQuality "1"]

1. g3 g6 2. Bg2 Bg7 3. c4 d6 4. Nc3 Nc6 5. e3 e5 6. Nge2 h5 7. 0-0 h4 8. d4 hxg3 9. fxg3 Bh3 10. Bxh3 Rxh3 11. d5 Nb8 12. c5 Nd7 13. cxd6 cxd6 14. Ne4 Nc5 15. Nxc5 dxc5 16. Qa4+ Ke7 17. Qc4 Qd6 18. Nc3 Nf6 19. Rxf6 Qxf6 20. Ne4 Qf3 21. Bd2 Rah8 22. Qxc5+ Kd7 23. Qd6+ Ke8 24. Qb8+ Kd7 25. Qxb7+ 1-0

[Event "Figueres op 11th"]
[Site "Figueres"]
[Date "2010.08.16"]
[Round "7"]
[White "Saez Coma, Alejandro"]
[Black "Gallego Terris, Rafael"]
[Result "0-1"]
[WhiteElo "1477"]
[BlackElo "1951"]
[PlyCount "36"]
[EventDate "2010.08.11"]
[EventType "swiss"]
[EventRounds "9"]
[EventCountry "ESP"]
[SourceTitle "CBM 137 Extra"]
[Source "ChessBase"]
[SourceDate "2010.09.01"]
[SourceVersion "1"]
[SourceVersionDate "2010.09.01"]
[SourceQuality "1"]

1. e4 d5 2. exd5 Qxd5 3. Nc3 Qa5 4. Nf3 Nf6 5. h3 Bf5 6. Bc4 e6 7. 0-0 Nbd7 8. Nh4 0-0-0 9. Nxf5 Qxf5 10. a4 Bc5 11. d3 Ne5 12. Bb3 g5 13. Be3 Bd6 14. g4 Nf3+ 15. Kg2 Nh4+ 16. Kg1 Qe5 17. f4 Qxe3+ 18. Kh1 Qxh3+ 0-1